| 000 | 01223nas a2200397 4500 | ||
|---|---|---|---|
| 001 | BR0604436 | ||
| 003 | BR-BrBNA | ||
| 005 | 20231205110417.0 | ||
| 007 | ta | ||
| 008 | 230509b bl.|||p| |||| 00| 00por d | ||
| 040 |
_aBR-BrBNA _bpor _cBiblioteca Nacional de Agricultura |
||
| 041 | _a(Pt) | ||
| 072 | _aL52; L51 | ||
| 100 | 1 | _aMiranda, E.N. | |
| 100 | 1 | _aQueiroz, A.C. de | |
| 100 | 1 | _aLana, R. de P. | |
| 100 | 1 | _aMello, R. | |
| 100 | 1 | _aGesualdi Júnior, A. | |
| 100 | 1 | _aResende, F.D. de | |
| 100 | 1 | _aAlleoni, G.F. | |
| 245 | 1 | _aComposição corporal e exigências nutricionais de macrominerais de bovinos Caracu selecionados e Nelore selecionados ou não para peso ao sobreano | |
| 650 | _aGADO CARACU | ||
| 650 | _aGADO NELORE | ||
| 650 | _aMACROELEMENTO | ||
| 650 | _aCÁLCIO | ||
| 650 | _aFÓSFORO | ||
| 650 | _aPOTÁSSIO | ||
| 650 | _aSÓDIO | ||
| 650 | _aEXIGÊNCIA NUTRICIONAL | ||
| 650 | _aCONDIÇÃO CORPORAL | ||
| 650 | _aREGRESSÃO LINEAR | ||
| 650 | _aGANHO DE PESO | ||
| 773 | 0 |
_tRevista Brasileira de Zootecnia (Brazil) _xISSN 1516-3598 _g(May-Jun 2006), v. 35(3)Suplemento p. 1201-1211 _wBR0604436 |
|
| 909 |
_a202311 _bLúcia _c55 _dLúcia Elande |
||
| 942 |
_2AGRIS _n0 _cANA |
||
| 999 |
_c187284 _d187284 |
||